Problemas estructurales de sistemas educativos en América Latina.

Guardado en:
Detalles Bibliográficos
Autor principal: Pearse, Andrew (autor)
Formato: Desconocido
Idioma:Español
Temas:
Acceso en línea:Ver documento en línea
Etiquetas: Agrega una etiqueta
Sin etiquetas, Sé el primero en etiquetar este registro!

MARC

LEADER 00000c**#a2200000ua#4500
001 000497913
003 DLC
005 20260512000000.0
008 070606c^^^^9999^^^^r1^^^^^^^^0^^^^0spa^d
009 20260512123305.988
022 |a 01851284 
035 |a FCE 000041748 
037 |a Acervo ITESO - Biblioteca 
041 |a spa 
095 |a RLEE  |b 06-3-4-319 
100 |a Pearse, Andrew  |e (autor) 
245 1 0 |a Problemas estructurales de sistemas educativos en América Latina. 
264 |a México :  |b Centro de Estudios Educativos,  |c 2006. 
336 |a texto  |b txt  |2 rdacontenido 
337 |a sin mediación  |b n  |2 rdamedio 
338 |a volumen  |b nc  |2 rdasoporte 
649 |a XX 
650 |a Educación rural 
650 |a Problemas educativos 
650 |a Análisis estructural 
650 |a Historia de la educación 
650 |a América Latina 
650 |a Bolivia 
650 |a Colombia 
650 |a Brasil 
650 |a Ecuador 
740 |g vol. 36, no. 3-4, 2006, pp. 293-350  |t Revista Latinoamericana de Estudios Educativos. De la historia para el presente, 
856 4 0 |u https://www.cee.edu.mx/rlee/revista/r2001_2010/r_texto/t_2006_3-4_14.pdf  |y Ver documento en línea 
910 |a Fondo Centro de Estudios Educativos 
920 |a Impresos - Libros 
930 |a Fondos Especiales 
905 |a 133 
902 |a https://opac.biblio.iteso.mx/vufind/Record/000497913